000 00341nam a2200145Ia 4500
008 230312s9999||||xx |||||||||||||| ||und||
020 _a1-9061-5540-7
082 _a720.19
_bMOS-F
100 _aMossman; Susan
245 0 _aFantastic Plastic
260 _bBlack Dog
_aLondon
_c2008
300 _a180
650 _aArchitecture
942 _cBK
999 _c11628
_d11628